Cinderella - Bibbidi Bobbidi Boo Lyrics - Statistics

General Stats
  • This quiz has been taken 97 times
  • The average score is 44 of 76
Answer Stats
Answer % Correct
Bibbidi
100%
Bibbidi
100%
Bibbidi
100%
Bibbidi
100%
Bibbidi
100%
Bibbidi
100%
Bibbidi
100%
Bibbidi
100%
Bibbidi
100%
Boo
100%
Boo
100%
Boo
100%
Boo
100%
Boo
100%
Boo
100%
Boo
100%
Bobbidi
98%
Bobbidi
98%
Bobbidi
98%
Bobbidi
98%
Bobbidi
98%
Bobbidi
98%
Bobbidi
98%
Bobbidi
98%
Bobbidi
98%
you
79%
you
79%
what
73%
what
73%
And
69%
And
69%
do
67%
got?
67%
got?
67%
Put
65%
Put
65%
together
65%
together
65%
the
63%
the
63%
it
62%
have
58%
have
58%
magic
46%
Is
42%
not
42%
Believe
37%
does
37%
em
37%
em
37%
job
37%
Now
37%
or
37%
But
35%
That
33%
means
31%
Oh
25%
It'll
23%
boola
19%
boola
19%
boola
19%
roo
13%
doola
12%
doola
12%
doola
12%
doola
12%
Menchicka
10%
Menchicka
10%
Menchicka
10%
Menchicka
10%
Salago
8%
Salago
8%
salago
8%
Salago
8%
boole
6%
thingmabob
2%
No matching quizzes found
Score Distribution
Percent of People with Each Score
Percentile by Number Answered
Your Score History
You have not taken this quiz